Statistics for frozen disney

Click here to take the quiz!

General Stats

  • This quiz has been taken 651 times
    (624 since last reset)
  • The average score is 10 of 16

Answer Stats

Hint Answer % Correct
The youngest princessanna
100%
The oldest princesselsa
100%
An amazing snow manolaf
98%
A reindeersven
97%
A mountain manKristoff
91%
What part of anna did elsa freeze (at the start of the movie)head
84%
The backstabbing monster of the southern isleshans
83%
What colour dose elsa's palace turn when she's scaredred
75%
Don't be the _______ they fear you aremonster
68%
What did i ever __ __ ___do to you
59%
The kingdom Elsa and Anna live inArendelle
47%
The only _____ _____ around here is yoursfrozen heart
36%
How did the princess's parents diestorm
28%
What did Elsa transform the castle court yard into at the end of the movieice skating rink
27%
Who adopts Kristoff and sven as childrena troll
5%
What was the mountain where elsa built her palacenorthen mountain
3%

Score Distribution

Percentile by Number Answered

Percent of People with Each Score

Your Score History

You have not taken this quiz since the last reset